000 00463nam a2200169Ia 4500
008 140527s9999 xx 000 0 und d
020 _a9788126143894
050 _aQA 76.76.T48
_b.G977 2010
100 _aGupta, Harish
245 _aSoftware Testing /
_cHarish Gupta.
260 _aNew Delhi, India :
_bAnmol Publications,
_cc2010.
300 _a296p. :
_bill. ;
_c21 cm.
500 _aIncludes index.
521 _aIT
942 _kFOR
_cBK
999 _c117505
_d117505